Electrical engineering, Vol- I (Record no. 4252)

000 -LEADER
fixed length control field 00388nam a22001457a 4500
008 - FIXED-LENGTH DATA ELEMENTS--GENERAL INFORMATION
fixed length control field 200728b ||||| |||| 00| 0 eng d
082 00 - DEWEY DECIMAL CLASSIFICATION NUMBER
Classification number 621.3
Item number D269
100 ## - MAIN ENTRY--PERSONAL NAME
9 (RLIN) 1563
Personal name Dawes,Chester L.
245 10 - TITLE STATEMENT
Title Electrical engineering, Vol- I
260 ## - PUBLICATION, DISTRIBUTION, ETC. (IMPRINT)
Place of publication, distribution, etc London
Name of publisher, distributor, etc MacGraw-Hill
Date of publication, distribution, etc 1950
300 ## - PHYSICAL DESCRIPTION
Extent 210 p.
365 ## - TRADE PRICE
Unit of pricing 31.08
650 #0 - SUBJECT ADDED ENTRY--TOPICAL TERM
Topical term or geographic name as entry element Electrical Engineering
942 ## - ADDED ENTRY ELEMENTS (KOHA)
Item type Books
Holdings
Withdrawn status Lost status Source of classification or shelving scheme Damaged status Not for loan Permanent location Current location Date acquired Source of acquisition Full call number Barcode Date last seen Koha item type
  Lost       IMU Kolkata IMU Kolkata 1953-03-18 A. H. Wheeler 621.3 D269 01810 2020-07-28 Books
Designed and Maintained by IMU-KC Library, Kolkata Campus © Copyright All Rights Reserved

webs counters

Powered by Koha